Famosos #8 - Statistics

Estatísticas Gerais
  • Esse quiz foi jogado 156 vezes
  • A pontuação média é 6 de 15
Estatísticas das Respostas
Imagem Resposta % Correto
Jackie Chan
83%
Katy Perry
83%
Morgan Freeman
69%
Terry Crews
66%
Dove Cameron
47%
Meryl Streep
47%
Emma Robert
44%
David Guetta
41%
Christina Aguilera
35%
Charlize Theron
22%
Amanda Seyfried
21%
Anthony Mackie
21%
Maite Perroni
19%
James McAvoy
14%
James Marsden
6%
Nenhum quiz correspondente encontrado
Distribuição das Pontuações
Porcentagem de Pessoas com Cada Pontuação
Percentil de Números Respondidos
Sua Pontuação Histórica
Você não jogou esse quiz